| 000 | 00756nam a2200205 a 4500 | ||
|---|---|---|---|
| 008 | 200806s2017 ||||||||||||||||| || u | ||
| 020 | _a9781107110489 | ||
| 050 | _aQC 689.55 Fai | ||
| 100 | _aGu, Quig | ||
| 245 | 1 | 0 |
_aSemiconductor nanolasers _cBy Quig Gu; Yeshaiahu Fainman |
| 260 |
_aCambridge _bCambridge University Press _c2017 |
||
| 300 | _aviii, 324 pages : illustrations | ||
| 650 | _aNANOSTRUCTURED MATERIALS | ||
| 650 | _aMINIATURE ELECTRONIC EQUIPMENT | ||
| 650 | _aSEMICONDUCTORS | ||
| 650 | _aLASERS | ||
| 650 | _aSEMICONDUCTOR LASERS | ||
| 700 | _aFainman Yeshaiahu | ||
| 995 |
_D109.00 _FCBU-MAIN LIBRARY (Kitwe) _M1 _UAVAILABLE _WAug 7, 2020 _ZMain Library Open Access Collection |
||
| 999 |
_c57304 _d57304 |
||